000
00309nam a2200121Ia 4500
008
220216s9999 xx 000 0 und d
100
_a
Nishimura K
245
0
_a
Recycling of used tyres in Japan
260
_b
Kautschuk Gummi Kunststoffe
_c
1993
300
_a
989-991
650
_a
Tyre recycling
942
_c
JS
999
_c
66562
_d
66562